Guess the Footballers by their Teams - Picture Edition #9 - Statistics

General Stats
  • This quiz has been taken 185 times
  • The average score is 11 of 15
Answer Stats
Picture Answer % Correct
Ronaldo
99%
Erling Haaland
95%
Olivier Giroud
92%
Romelu Lukaku
85%
Samuel Eto'o
85%
Alan Shearer
78%
Joško Gvardiol
76%
Scott McTominay
75%
Gerd Müller
71%
Hakan Çalhanoğlu
67%
Marek Hamšík
67%
Marcos Alonso
65%
Antonio Valencia
63%
Moussa Sissoko
51%
John Arne Riise
41%
No matching quizzes found
Score Distribution
Percent of People with Each Score
Percentile by Number Answered
Your Score History
You have not taken this quiz